00245nam a2200085Ia 450000500170000000800410001724500740005826000100013299900170014220250523150955.0250523s9999 xx 000 0 und d 0aEce Yüce/Ece Yüce İle Nasıl Baş EdecekcGülten Dayıoğlu bALTIN c11949d11949